...But God can. (Record no. 13014)

000 -LEADER
fixed length control field 00561nam a2200181 a 4500
001 - CONTROL NUMBER
control field :::00010832$&:&@@
003 - CONTROL NUMBER IDENTIFIER
control field OkBaRHE
005 - DATE AND TIME OF LATEST TRANSACTION
control field 20000607103403.0
008 - FIXED-LENGTH DATA ELEMENTS--GENERAL INFORMATION
fixed length control field s1962 j 000 0 eng u
040 ## - CATALOGING SOURCE
Transcribing agency
100 1# - MAIN ENTRY--PERSONAL NAME
Personal name Ozment, Robert Varnell, 1927-
245 13 - TITLE STATEMENT
Title ...But God can.
260 ## - PUBLICATION, DISTRIBUTION, ETC. (IMPRINT)
Place of publication, distribution, etc Westwood, NJ., :
Name of publisher, distributor, etc Fleming H. Revell, Co.
Date of publication, distribution, etc c1962
300 ## - PHYSICAL DESCRIPTION
Extent 126 p. ;
Dimensions 21 cm.
650 ## - SUBJECT ADDED ENTRY--TOPICAL TERM
Topical term or geographic name as entry element Christian Life
General subdivision Methodist Authors
942 ## - ADDED ENTRY ELEMENTS (KOHA)
Source of classification or shelving scheme
Koha item type Books
Copies
Full call number Source of classification or shelving scheme Not for loan Price effective from Barcode Lost status Date last seen Withdrawn status Permanent Location Copy number Shelving location Date acquired Damaged status Koha item type
BV 4501.2 .O9  2010-04-1410832 2010-04-14 RHEMA Bible Training College1General Stacks2010-04-14 Books